[Event "Nordic-ch U18 Girls"]
[Site "Oslo"]
[Date "2022.05.14"]
[Round "2"]
[White "Laihonen, Hanna"]
[Black "Ostensson, Julia"]
[Result "0-1"]
[WhiteElo "1637"]
[BlackElo "1748"]
[PlyCount "92"]
[EventDate "2022.05.13"]
[EventType "swiss"]
[EventRounds "5"]
[EventCountry "NOR"]
[SourceTitle "EXT 2024"]
[Source "ChessBase"]
[SourceDate "2023.10.10"]
[SourceVersion "1"]
[SourceVersionDate "2023.10.10"]
[SourceQuality "1"]

1. e4 d6 2. d4 Nf6 3. Nc3 Nbd7 4. Nf3 e5 5. dxe5 dxe5 6. Bg5 Be7 7. Qd2 c6 8. Be2 0-0 9. 0-0 Qc7 10. Rad1 b5 11. a3 a5 12. Bd3 Rd8 13. h3 Nc5 14. Qe2 Be6 15. Bh4 h6 16. Bg3 Nfd7 17. Nd4 Qb6 18. Nxe6 Nxe6 19. Qh5 Nf6 20. Qe2 Nd4 21. Qe1 Nd7 22. Ne2 Ne6 23. Kh1 Bg5 24. Qc3 Bf6 25. Qe1 Rac8 26. b4 Qa6 27. f4 exf4 28. Nxf4 Nxf4 29. Bxf4 Be5 30. Qg3 Bxf4 31. Qxf4 f6 32. Qg3 c5 33. bxc5 Ne5 34. Be2 Qc6 35. Qb3+ Kh8 36. Bxb5 Qxc5 37. Bd3 Nxd3 38. cxd3 Rd4 39. Rf5 Qd6 40. Qb5 a4 41. Rf3 Rxe4 42. Qf5 Rce8 43. Rff1 Re2 44. Qf3 R8e3 45. Qa8+ Kh7 46. Qxa4 Rxh3+ 0-1

[Event "Nordic Chess-ch U16 Girls"]
[Site "Koge"]
[Date "2019.04.27"]
[Round "2"]
[White "Laihonen, Hanna"]
[Black "Skaslien, Ingrid"]
[Result "1-0"]
[WhiteElo "1655"]
[BlackElo "1804"]
[PlyCount "87"]
[EventDate "2019.04.26"]
[EventType "swiss"]
[EventRounds "5"]
[EventCountry "DEN"]
[SourceTitle "EXT 2020"]
[Source "ChessBase"]
[SourceDate "2019.10.17"]
[SourceVersion "1"]
[SourceVersionDate "2019.10.17"]
[SourceQuality "1"]

1. e4 d6 2. d4 Nf6 3. Nc3 Nbd7 4. g4 e5 5. g5 Ng8 6. Be3 h6 7. Nf3 hxg5 8. Nxg5 Nh6 9. Be2 exd4 10. Qxd4 Ne5 11. 0-0-0 f6 12. Nf3 Nhg4 13. Nxe5 fxe5 14. Qd2 Be7 15. Kb1 Nxe3 16. fxe3 Be6 17. Rhg1 Bg5 18. Bg4 Bxg4 19. Rxg4 Rh3 20. Rf1 Bf6 21. Qd5 c6 22. Qe6+ Qe7 23. Rxf6 Rxe3 24. Qxe7+ Kxe7 25. Rf1 Rg8 26. a3 Ke6 27. Rg6+ Ke7 28. Rfg1 Rh3 29. R1g2 Rh7 30. Ne2 d5 31. Nc3 d4 32. Ne2 Kf7 33. Rd6 Ke7 34. Rdg6 Kf7 35. R6g5 g6 36. Rxe5 Kf6 37. Reg5 Re7 38. Nxd4 Rxe4 39. c3 Rh4 40. R5g4 Rh3 41. Kc2 c5 42. Ne2 g5 43. Rf2+ Ke6 44. Nf4+ 1-0

[Event "Nordic Chess-ch U16 Girls"]
[Site "Koge"]
[Date "2019.04.27"]
[Round "3"]
[White "Norlamo, Sarabella"]
[Black "Laihonen, Hanna"]
[Result "1-0"]
[WhiteElo "1794"]
[BlackElo "1655"]
[PlyCount "45"]
[EventDate "2019.04.26"]
[EventType "swiss"]
[EventRounds "5"]
[EventCountry "DEN"]
[SourceTitle "EXT 2020"]
[Source "ChessBase"]
[SourceDate "2019.10.17"]
[SourceVersion "1"]
[SourceVersionDate "2019.10.17"]
[SourceQuality "1"]

1. d4 Nf6 2. c4 g6 3. Nc3 Bg7 4. e4 d6 5. Bd3 0-0 6. Nge2 Nc6 7. f3 e5 8. d5 Nd4 9. Be3 c5 10. dxc6 Nxc6 11. Qd2 Be6 12. Rd1 Ne8 13. b3 f5 14. Bb1 f4 15. Bf2 a6 16. Nd5 Kh8 17. Nec3 Rg8 18. Qc1 Bf8 19. Qb2 Nf6 20. Bb6 Qc8 21. Nxf6 Rg7 22. Nfd5 g5 23. h3 1-0

[Event "FIN-chT1B 1819"]
[Site "Finland"]
[Date "2019.01.12"]
[Round "5.8"]
[White "Laihonen, Hanna"]
[Black "Lappalainen, Sasu"]
[Result "1-0"]
[WhiteElo "1539"]
[BlackElo "2027"]
[PlyCount "125"]
[EventDate "2018.09.15"]
[EventType "team-tourn"]
[EventRounds "7"]
[EventCountry "FIN"]
[SourceTitle "EXT 2020"]
[Source "ChessBase"]
[SourceDate "2019.10.17"]
[SourceVersion "1"]
[SourceVersionDate "2019.10.17"]
[SourceQuality "1"]
[WhiteTeam "Jyvaskyla JyS II"]
[BlackTeam "Vantaa Gambitti"]
[WhiteTeamCountry "FIN"]
[BlackTeamCountry "FIN"]

1. e4 c5 2. d4 cxd4 3. c3 Nf6 4. e5 Nd5 5. Nf3 Nc6 6. cxd4 e6 7. a3 d6 8. Bd3 Be7 9. 0-0 0-0 10. Re1 f5 11. exf6 Nxf6 12. Nc3 Qa5 13. Ne4 Qd5 14. Bc2 Nxe4 15. Bxe4 Qh5 16. d5 Ne5 17. Nxe5 Qxd1 18. Rxd1 dxe5 19. d6 Rd8 20. Bf4 Bf6 21. Be3 Bd7 22. Rac1 Ba4 23. Rd3 Rac8 24. Rxc8 Rxc8 25. b3 Bb5 26. Rd1 b6 27. g3 Kf7 28. a4 Bd7 29. Rc1 Rxc1+ 30. Bxc1 g6 31. Kf1 Bd8 32. Bd2 Ke8 33. Ke2 Bf6 34. Kd3 Bg7 35. Bc3 a5 36. f4 b5 37. axb5 Bxb5+ 38. Kd2 Kd7 39. fxe5 Bh6+ 40. Kc2 a4 41. bxa4 Bxa4+ 42. Kd3 Bb5+ 43. Kd4 Bc1 44. Kc5 Ba4 45. Bd4 Bd2 46. Kb6 Bb4 47. Kb7 Bd2 48. Kb8 Bb4 49. Bb7 Bxd6+ 50. exd6 Kxd6 51. Kc8 g5 52. Be4 e5 53. Be3 h6 54. h4 gxh4 55. gxh4 h5 56. Kd8 Bd1 57. Ke8 Ke6 58. Kf8 Kf6 59. Bg5+ Ke6 60. Kg7 Bg4 61. Kh6 Kf7 62. Bg6+ Kg8 63. Bf6 1-0

[Event "Eger Agria op 41th"]
[Site "Eger"]
[Date "2017.07.22"]
[Round "8"]
[White "Pota, Lajos"]
[Black "Laihonen, Hanna"]
[Result "1-0"]
[WhiteElo "1620"]
[BlackElo "1489"]
[PlyCount "153"]
[EventDate "2017.07.17"]
[EventType "swiss"]
[EventRounds "9"]
[EventCountry "HUN"]
[SourceTitle "EXT 2020"]
[Source "ChessBase"]
[SourceDate "2019.10.17"]
[SourceVersion "1"]
[SourceVersionDate "2019.10.17"]
[SourceQuality "1"]

1. d4 Nf6 2. Bg5 g6 3. Nd2 Bg7 4. e4 d6 5. Bd3 0-0 6. f4 h6 7. Bxf6 Bxf6 8. c3 e5 9. fxe5 dxe5 10. d5 c6 11. c4 b5 12. b3 Bg7 13. Ngf3 f5 14. 0-0 Bb7 15. Qe1 bxc4 16. bxc4 cxd5 17. cxd5 Qb6+ 18. Kh1 Nd7 19. Rb1 Qc7 20. d6 Qc8 21. Bc4+ Kh7 22. Rxb7 Qxb7 23. Bd5 Qb4 24. Bxa8 Rxa8 25. exf5 Qxd6 26. fxg6+ Qxg6 27. Nh4 Qc6 28. Qb1+ Kg8 29. Nf5 Qe6 30. h3 Rf8 31. Rf3 Nc5 32. Nxg7 Kxg7 33. Rg3+ Kh8 34. Rg6 Qf5 35. Rxh6+ Kg7 36. Qxf5 Rxf5 37. Rc6 Nd3 38. Rc7+ Kg6 39. Rxa7 Rf2 40. Ne4 Re2 41. Ra6+ Kf7 42. Ng5+ Kg7 43. Ra3 Nf4 44. Rg3 Rxa2 45. Ne6+ Kh6 46. Nxf4 exf4 47. Rg4 Ra1+ 48. Kh2 Rf1 49. Rg8 Ra1 50. Rg4 Rf1 51. Rh4+ Kg6 52. Rh8 Ra1 53. h4 Ra5 54. Kh3 Rh5 55. Ra8 Kf5 56. Rf8+ Kg6 57. Rxf4 Ra5 58. Rb4 Ra8 59. Kg4 Rh8 60. g3 Rg8 61. Rb6+ Kh7+ 62. Kh3 Rg7 63. h5 Rg5 64. Kh4 Ra5 65. Rb4 Ra1 66. g4 Rg1 67. Kg5 Rg2 68. Rb7+ Kh8 69. h6 Kg8 70. Kh5 Rg1 71. g5 Ra1 72. g6 Rh1+ 73. Kg5 Rg1+ 74. Kf5 Rf1+ 75. Ke4 Re1+ 76. Kd3 Ra1 77. Rb8# 1-0

[Event "Eger Agria op 41th"]
[Site "Eger"]
[Date "2017.07.21"]
[Round "7"]
[White "Laihonen, Hanna"]
[Black "Bartok, David Dominik"]
[Result "0-1"]
[WhiteElo "1489"]
[BlackElo "1661"]
[PlyCount "84"]
[EventDate "2017.07.17"]
[EventType "swiss"]
[EventRounds "9"]
[EventCountry "HUN"]
[SourceTitle "EXT 2020"]
[Source "ChessBase"]
[SourceDate "2019.10.17"]
[SourceVersion "1"]
[SourceVersionDate "2019.10.17"]
[SourceQuality "1"]

1. e4 d5 2. exd5 Qxd5 3. Nc3 Qa5 4. d4 c6 5. Nf3 Nf6 6. Bc4 Bf5 7. Ne5 e6 8. g4 Bg6 9. h4 Nbd7 10. Nxd7 Nxd7 11. Bd2 h6 12. Qe2 Be7 13. 0-0-0 Qc7 14. Rhe1 0-0-0 15. Qf3 Bxh4 16. Bf4 Bg5 17. Bxg5 hxg5 18. Ne4 Qf4+ 19. Qxf4 gxf4 20. Bd3 Bxe4 21. Bxe4 Nf6 22. g5 Nxe4 23. Rxe4 Rh4 24. g6 fxg6 25. Rxe6 Rg4 26. Re7 Rd7 27. Rde1 Rxd4 28. Rxg7 Rd7 29. Rxd7 Kxd7 30. Re4 Kd6 31. Kd2 g5 32. Ke2 b6 33. a4 Kd5 34. Kf3 Rg1 35. b3 Rc1 36. Re2 Kd4 37. Kg4 Kc3 38. Kxg5 Rxc2 39. Rxc2+ Kxc2 40. Kxf4 Kxb3 41. Ke3 c5 42. Kd2 Kb2 0-1